| 000 | 00373nam a22001697a 4500 | ||
|---|---|---|---|
| 005 | 20160611140417.0 | ||
| 008 | 160611b xxu||||| |||| 00| 0 eng d | ||
| 020 | _a9780333937402 | ||
| 041 | _aeng | ||
| 082 | _b6921 | ||
| 100 |
_aKhera, Shiv _91706 |
||
| 245 | _aYou Can Win. | ||
| 260 |
_bMac Millan _c1998 |
||
| 300 | _a290 | ||
| 650 |
_aManagement _9241 |
||
| 942 | _cBK | ||
| 999 |
_c2409 _d2408 |
||